000 00677nam a2200193Ii 4500
003 JO-AjNU
008 230605s9999||||xx |||||||||||||| ||und||
040 _aJO-AjNU
_bara
_erda
_cJO-AjNU
041 _aara
050 1 4 _aBP179.M8388 1989
100 3 _aمحيسن، محمد سالم,
_eauthor
_98314
245 0 0 _aالصيام أحكامه -آدابه - وفضائله - وآثره في تربية المسلم
264 3 1 _aالاسكندرية: مؤسسة شباب الجامعة، 1989
300 _a71ص
336 _atext
_btxt
_2rdacontent
337 _aunmediated
_bn
_2rdamedia
338 _avolume
_bnc
_2rdacarrier
650 4 _aالصوم- احكام وآداب
_98315
999 _aA725
_c4293
_d4293